Normal view
MARC view
- Mettu, Ramgopal
Entry Personal Name
001 - CONTROL NUMBER
- control field: 96185
003 - CONTROL NUMBER IDENTIFIER
- control field: NUST
005 - DATE AND TIME OF LATEST TRANSACTION
- control field: 20220801175418.0
008 - FIXED-LENGTH DATA ELEMENTS
- fixed length control field: 220801|| aca||aabn | a|a d
040 ## - CATALOGING SOURCE
- Original cataloging agency: NUST
- Transcribing agency: NUST
100 ## - HEADING--PERSONAL NAME
- Personal name: Mettu, Ramgopal
670 ## - SOURCE DATA FOUND
- Source citation: Work cat.: (NUST): Mettu, Ramgopal, Understanding admissions : getting into the top graduate schools in computer science and engineering, 2012
